Jagiellonia Białystok - prawda czy fałsz? - Statystyki

Ogólne statystyki
  • Ten quiz został rozwiązany 244 razy
  • Średni wynik to 10 z 15
Statystyki odpowiedzi
Zagadnienie Odpowiedź % Poprawnych
Jagiellonia Wygrała Superpuchar Polski Prawda
94%
Wygrała puchar Polski Prawda
93%
Jagiellonia Białystok wygrała 3 pierwsze mecze w fazie ligowej ligi Konferencji w sezonie 24/25 Prawda
86%
Jagiellonia została założona w 1922 roku Fałsz
83%
W Jagielloni grał Kamil Grosicki Prawda
82%
Kapitanem jest Jesús Imaz Fałsz
81%
Jagiellonia w Ekstraklasie zadebiutowała dopiero w latach 80 Prawda
66%
Jagiellonia cały XXI wiek spędziła w Ekstraklasie Fałsz
57%
Bartłomiej Drągowski jest najdrożej sprzedanym piłkarzem przez Jagę Fałsz
57%
Stadion Jagielloni ma większość pojemność niż stadion Pogoni Prawda
57%
Trenerem Jagielloni był Adam Nawałka Prawda
57%
Jagiellonia jest jedynym klubem na Północ od Poznania na mapie Polski który wygrał Mistrzostwo Polski Prawda
51%
Adrian Siemieniec to najmłodszy trener w Ekstraklasie Fałsz
34%
Tomasz Frankowski większość bramek w ekstraklasie strzelił w barwach Jagielloni Fałsz
31%
Jagiellonia Białystok nigdy nie grała w fazie grupowej europejskich pucharów Prawda
20%
Nie znaleziono quizów pasujących do podanych kryteriów
Rozkład punktacji
Procent ludzi z każdym wynikiem
Percentyl według liczby udzielonych odpowiedzi
Twoja historia wyników
Nie rozwiązałeś tego quizu